000 00586nam a2200169Ia 4500
003 GCL
008 140319s9999 xx 000 0 ara d
040 _aGCL /
_cGCL
082 0 4 _a370.78
_bا ت
100 1 _aامين ساعاتى
245 1 0 _aتبسيط كتابة البحث العلمى: من البكالوريوس ثم الماجستير وحتى الدكتوراه /
_cامين ساعاتى
260 _a[S.N] :
_bالمركز السعودى للدراسات الاستراتيجية ،
_c1991
300 _a192 ص
490 _a
650 0 4 _aالبحث
942 _2ddc
_cBK
999 _c31966
_d31966